000 00591nam a2200181 4500
001 20447
005 20230410115556.0
008 060907n1982 dr spa
020 _a0870732366
035 _9funglode20599
041 _aEN
050 1 4 _aHF 1411 G562 1982
245 0 4 _aThe global political economy in the 1980's :
_bthe impact of the new international economic order /
_cedited by Michael Stohl, Harry R. Targ.
260 _aCambridge :
_b Schenkman Publishing Company,
_c1982
300 _ax, 408 p.
700 _aStohl, Michael \ Targ, Harry R.
942 _2lcc
_cbk
999 _c43927
_d43927